[Event "Eastern Asia-ch U14 Girls"]
[Site "Tornelo INT"]
[Date "2021.10.24"]
[Round "7"]
[White "Prommuang, Araya"]
[Black "Koh, Wei Le Gladys"]
[Result "1-0"]
[WhiteElo "1328"]
[BlackElo "1150"]
[PlyCount "51"]
[EventDate "2021.10.22"]
[EventType "swiss"]
[EventRounds "9"]
[EventCountry "NET"]
[SourceTitle "EXT 2023"]
[Source "ChessBase"]
[SourceDate "2022.10.05"]
[SourceVersion "1"]
[SourceVersionDate "2022.10.05"]
[SourceQuality "1"]

1. e4 c5 2. Nf3 Nc6 3. d4 cxd4 4. Nxd4 g6 5. Nc3 Bg7 6. Be3 Nf6 7. Bc4 0-0 8. Bb3 Re8 9. 0-0 d6 10. h3 a6 11. f4 Nxd4 12. Bxd4 e5 13. Be3 b5 14. fxe5 dxe5 15. Bg5 Qb6+ 16. Kh1 Bb7 17. Qf3 Nh5 18. Bxf7+ Kh8 19. Bxe8 Rxe8 20. Be3 Qe6 21. Kh2 b4 22. Na4 Qc4 23. Nc5 Ba8 24. Qf7 Qb5 25. Ne6 Bxe4 26. Nxg7 1-0

[Event "Eastern Asia-ch U14 Girls"]
[Site "Tornelo INT"]
[Date "2021.10.22"]
[Round "2"]
[White "Koh, Wei Le Gladys"]
[Black "Dinh, Nguyen Hien Anh"]
[Result "1-0"]
[WhiteElo "1150"]
[BlackElo "1380"]
[PlyCount "57"]
[EventDate "2021.10.22"]
[EventType "swiss"]
[EventRounds "9"]
[EventCountry "NET"]
[SourceTitle "EXT 2023"]
[Source "ChessBase"]
[SourceDate "2022.10.05"]
[SourceVersion "1"]
[SourceVersionDate "2022.10.05"]
[SourceQuality "1"]

1. e4 c5 2. Nf3 d6 3. d4 cxd4 4. Qxd4 Nc6 5. Bb5 Bd7 6. Bxc6 Bxc6 7. Nc3 Nf6 8. Bg5 e6 9. 0-0-0 Be7 10. Rhe1 Rc8 11. Kb1 0-0 12. Qd2 d5 13. e5 Nd7 14. Bxe7 Qxe7 15. Nd4 a6 16. f4 b5 17. a3 Nb6 18. f5 Nc4 19. Qf4 Rfd8 20. f6 gxf6 21. exf6 Qf8 22. Rd3 Kh8 23. Rh3 Qg8 24. Rg3 Qf8 25. Rg7 Nxa3+ 26. bxa3 Qxa3 27. Qh6 Qb4+ 28. Nb3 Qxc3 29. Qxh7# 1-0